000 00635nam a2200241Ia 4500
003 OSt
005 20220918221638.0
006 a|||||r|||| 00| 0
007 ta
008 220917b |||||||| |||| 00| 0 eng d
024 _a202,345
037 _cTextual
040 _aARTS
_cARTS
_beng
041 _2eng
_aeng
082 _aY:1.1.N, P0
100 _aTouraine Alain
245 0 _aCan we live together?
_b equality and difference
260 _aCambridge
_bPolity Press
_c2000
300 _avii, 326p
_ccm.
650 _aSOCIOLOGY
942 _hY:1.1.N, P0
_cTEXL
_2CC
999 _c273234
_d273234